000
00277nam a22001337a 4500
008
181029b xxu||||| |||| 00| 0 eng d
020
_a
9780850455274
041
_a
eng
080
_a
701
100
_a
45
101
_a
ART
245
_a
Ferrari
_c
Massini, M
942
_2
udc
_c
BK
999
_c
50991
_d
50991